000 00435nam a2200181Ia 4500
008 151018s9999 xx 000 0 und d
082 _bRBASDV29234
_a891.468
100 _aशिरीष पै
245 _aसय
250 _b1
260 _bदिलीप
_c1996
300 _a176
600 _aशिरीष पै
630 _aसय
700 _aशिरीष पै
730 _aसय
942 _cBOOK
999 _c1028799
_d1028796